00161nam a2200061Ia 4500008004100000100001800041245004000059120527s9999 xx 000 0 und d aBEAUMONT, J.H aA-hand operated bast fibre ribboner